000
00321nam a22001457a 4500
003
SGT
020
_a
978-93-5359-188-5
082
_a
634
_b
BAR
100
_a
BARMAN, PRANAY KUMAR
245
_a
FUNDAMENTALS OF FORESTRY
260
_a
DELHI
_b
KALYANI
_c
2020
300
_a
183
650
_a
FORESTRY
942
_2
ddc
_c
BK
_0
7
999
_c
25680
_d
25680